000 nam a22 a 4500
999 _c421572
_d421572
003 BLK
005 20210625111618.0
008 200315b bul|||||r ||||||| ||bul||
040 _aBLK
041 _aFRE
_cFRE
080 _aЛатинска (римска) литература
_b821.124
_x(092)
_z821.124(092)
080 _aРимски писател и историк
_b929 Корнелий Непот
_z929 Корнелий Непот
100 _91299
_aMonginot, A.
_eпърви автор
139 _aMonginot, A.
245 1 0 _aCornelius Nepos
_cA. Monginot
260 _aParis
_bHachette
_c1875
_9210229
_n2-01-
300 _a172, 4 p.
_c15 cm
380 _a82
490 _9435080
_aКолекция Редки и ценни издания
650 7 _9169508
_aРимска литература - писатели
653 7 _aписатели
_9193792
653 7 _aтворчество
_9198042
852 _aРф 875
_bРц
942 _cKNG
_n0
_s1
944 _aCR
_c2021-06-25
_kГГГ